[Event "Ch France (team) (nat.1) 2007/08"]
[Site "masterchessopen.com France"]
[Date "2008.03.15"]
[Round "8"]
[White "Heinis Vincent (FRA)"]
[Black "Brih Said (FRA)"]
[Result "0-1"]
[WhiteElo "2168"]
[BlackElo "2243"]

1.d4 Nf6 2.c4 g6 3.Nc3 d5 4.cxd5 Nxd5 5.e4 Nxc3 6.bxc3 Bg7 7.Bc4 c5 8.Ne2 Nc6
9.Be3 O-O 10.O-O Bg4 11.f3 Na5 12.Bd3 cxd4 13.cxd4 Be6 14.Rc1 Bxa2 15.Qa4 Be6
16.d5 Bd7 17.Qb4 b6 18.Nd4 e6 19.Rfd1 exd5 20.exd5 Re8 21.Bf2 Bh6 22.Rc3 Be3
23.Bxe3 Rxe3 24.Be4 Rxc3 25.Qxc3 Rc8 26.Qa1 Qg5 27.Nc6 Nxc6 28.dxc6 Bxc6
29.Bxc6 Rxc6 30.Qxa7 Qe3+ 31.Kh1 Rc1 {#R} 0-1

[Event "Ch Netherlands (team) 2007/08"]
[Site "masterchessopen.com Netherlands"]
[Date "2008.03.29"]
[Round "8"]
[White "Peng Zhaoqin (NED)"]
[Black "Goormachtigh Johan (BEL)"]
[Result "1-0"]
[WhiteElo "2455"]
[BlackElo "2242"]

1.d4 Nf6 2.c4 g6 3.Nc3 d5 4.cxd5 Nxd5 5.e4 Nxc3 6.bxc3 c5 7.Bc4 Bg7 8.Ne2 O-O
9.Be3 Nc6 10.O-O Bg4 11.f3 Na5 12.Bd3 cxd4 13.cxd4 Be6 14.d5 Bxa1 15.Qxa1 f6
16.Qd4 Bf7 17.Bh6 Re8 18.Bb5 Qb6 19.Qxb6 axb6 20.Bxe8 Bxe8 21.Rc1 Bb5 22.Nd4
Bc4 23.a4 Re8 24.Bd2 Ba6 25.Rc7 Nc4 26.Bb4 Kf8 27.Nb5 h5 {#r} 1-0

[Event "Ch Croatia (juniors) (team)"]
[Site "masterchessopen.com Sv. Filip i Jakov (Croatia)"]
[Date "2008.03.29"]
[Round "9"]
[White "Mitrovic Nikola (CRO)"]
[Black "Patarcic Domagoj (CRO)"]
[Result "0-1"]
[WhiteElo "1875"]
[BlackElo "1998"]

1.d4 Nf6 2.c4 g6 3.Nc3 d5 4.cxd5 Nxd5 5.e4 Nxc3 6.bxc3 Bg7 7.Bc4 c5 8.Ne2 O-O
9.O-O Nc6 10.Be3 Bg4 11.f3 cxd4 12.cxd4 Na5 13.Bd3 Be6 14.Qa4 a6 15.Rac1 b5
16.Qa3 Nc4 17.Bxc4 Bxc4 18.Rfe1 Bxe2 19.Rxe2 Bxd4 20.Rd2 Bxe3+ 21.Qxe3 Qa5
22.Rdc2 Rad8 23.Qg5 Qb6+ 24.Kf1 Qe6 25.Rc7 Qxa2 26.R1c2 Qb1+ 27.Rc1 Rd1+
28.Kf2 Qb2+ 29.Kg3 Rxc1 30.Rxc1 Qa3 31.Rc7 Qd6+ 32.Qf4 Rb8 33.Rxe7 Qxf4+
34.Kxf4 b4 35.Rd7 b3 36.Rd1 a5 37.Ke3 a4 38.Rb1 a3 {#R} 0-1

[Event "Memorial Dautov (Cup Ufa-2)"]
[Site "masterchessopen.com Ufa (Russia)"]
[Date "2008.04.18"]
[Round "5"]
[White "Khairullin Radik (RUS)"]
[Black "Vyrypaev Evgeny (RUS)"]
[Result "0-1"]
[WhiteElo "2042"]
[BlackElo "2004"]

1.d4 Nf6 2.c4 g6 3.Nc3 d5 4.cxd5 Nxd5 5.e4 Nxc3 6.bxc3 Bg7 7.Bc4 c5 8.Ne2 Nc6
9.Be3 cxd4 10.cxd4 O-O 11.O-O Bg4 12.f3 Na5 13.Bd3 Be6 14.d5 Bxa1 15.Qxa1 f6
16.Bh6 Re8 17.Nd4 Bd7 18.e5 Rc8 19.e6 Ba4 20.Be4 Qc7 21.Qb1 Qb6 22.Qd3 f5
23.Be3 fxe4 24.fxe4 Nc4 25.Bh6 Ne5 26.Qd2 Ng4 27.Kh1 Nxh6 {#R} 0-1

[Event "Ch England (team) 2007/08 (4 div)"]
[Site "masterchessopen.com England"]
[Date "2008.05.03"]
[Round "9"]
[White "Thomas Robert K (ENG)"]
[Black "Truman Richard G (ENG)"]
[Result "1-0"]
[WhiteElo "2156"]
[BlackElo "2035"]

1.d4 Nf6 2.c4 g6 3.Nc3 d5 4.cxd5 Nxd5 5.e4 Nxc3 6.bxc3 Bg7 7.Bc4 O-O 8.Ne2 c5
9.O-O cxd4 10.cxd4 Nc6 11.Be3 Bg4 12.f3 Na5 13.Bd3 Be6 14.Qa4 a6 15.d5 Bxa1
16.Rxa1 f6 17.Qd4 Bd7 18.h4 e5 19.Qb4 b5 20.f4 Nb7 21.h5 Qa5 22.Qb2 Rfe8
23.hxg6 hxg6 24.fxe5 fxe5 25.Rf1 Qd8 26.a4 Rb8 27.axb5 axb5 28.Rf3 Qe7 29.Rg3
Kh7 30.Nc1 Nd6 31.Bg5 Nc4 32.Qf2 Qf8 33.Rf3 Qd6 34.Rf6 {#r} 1-0

[Event "Cup Croatia (team)"]
[Site "masterchessopen.com Sibenik (Croatia)"]
[Date "2008.05.22"]
[Round "2"]
[White "Dusper Ranko (CRO)"]
[Black "Mihalinec Damir (CRO)"]
[Result "0-1"]
[WhiteElo "2124"]
[BlackElo "2272"]

1.d4 Nf6 2.c4 g6 3.Nc3 d5 4.cxd5 Nxd5 5.e4 Nxc3 6.bxc3 Bg7 7.Bc4 c5 8.Ne2 O-O
9.O-O Nc6 10.Be3 Bg4 11.f3 Na5 12.Bd3 cxd4 13.cxd4 Be6 14.Qa4 b6 15.Rac1 Bd7
16.Qa3 Re8 17.Ba6 Bc8 18.Qd3 Qd6 19.Bb5 Rd8 20.Rfd1 Bd7 21.Bxd7 Rxd7 22.Qc2 b5
23.d5 Nc4 24.Bf2 Bh6 25.Rd3 Bxc1 26.Qxc1 e5 27.Qh6 Rc8 28.f4 f6 29.f5 Qf8
30.Qh3 g5 31.Qh5 Qb4 32.Ng3 Nd6 33.h4 Qb1+ 34.Rd1 Rc1 35.Rxc1 Qxc1+ 36.Nf1 Qf4
37.Ne3 Rc7 38.Qh6 Rc1+ {#R} 0-1

[Event "It (cat.1)"]
[Site "masterchessopen.com Ekaterinburg (Russia)"]
[Date "2008.05.23"]
[Round "11"]
[White "Kozlov Oleg (RUS)"]
[Black "Kuznetsov Gennady (RUS)"]
[Result "0-1"]
[WhiteElo "2198"]
[BlackElo "2416"]

1.d4 Nf6 2.c4 g6 3.Nc3 d5 4.cxd5 Nxd5 5.e4 Nxc3 6.bxc3 Bg7 7.Bc4 c5 8.Ne2 O-O
9.O-O Nc6 10.Be3 Bg4 11.f3 Na5 12.Bd3 cxd4 13.cxd4 Be6 14.d5 Bxa1 15.Qxa1 f6
16.Qd4 Bf7 17.Bh6 Re8 18.Bb5 e5 19.Qf2 Re7 20.f4 exf4 21.Qxf4 Qb6+ 22.Kh1 Bxd5
23.exd5 Qxb5 24.Qxf6 Qe8 25.Nd4 Rf7 {#R} 0-1

[Event "Ch Sweden (seniors)"]
[Site "masterchessopen.com Vaxjo (Sweden)"]
[Date "2008.07.04"]
[Round "3"]
[White "Westin Bertil (SWE)"]
[Black "Soderborg Berndt (SWE)"]
[Result "0-1"]
[WhiteElo "1990"]
[BlackElo "2137"]

1.d4 Nf6 2.c4 g6 3.Nc3 d5 4.cxd5 Nxd5 5.e4 Nxc3 6.bxc3 Bg7 7.Bc4 c5 8.Ne2 Nc6
9.Be3 O-O 10.O-O cxd4 11.cxd4 Bg4 12.f3 Na5 13.Bd3 Be6 14.Qa4 a6 15.Rac1 b5
16.Qb4 Bxa2 17.Ra1 Bc4 18.Rxa5 Bxd3 19.Re1 e6 20.Nf4 Bc4 21.Rd1 Re8 22.d5 Bf8
23.d6 Qd7 24.e5 Rec8 25.Rda1 Rc6 26.Nh3 Bg7 27.f4 f6 28.Bd4 fxe5 29.fxe5 Rxd6
30.exd6 Bxd4+ 31.Nf2 Rf8 32.Rf1 Qa7 33.Qe1 e5 34.Kh1 Bxf1 35.Qxf1 Rxf2 36.Qd1
Qf7 {#R} 0-1

[Event "It (open) \"]
[Site "masterchessopen.com Helsingor (Denmark)"]
[Date "2008.07.22"]
[Round "5"]
[White "Holst Conny (SWE)"]
[Black "Andersen Daniel (DEN)"]
[Result "1-0"]
[WhiteElo "2161"]
[BlackElo "1940"]

1.d4 Nf6 2.c4 g6 3.Nc3 d5 4.cxd5 Nxd5 5.e4 Nxc3 6.bxc3 Bg7 7.Bc4 c5 8.Ne2 Nc6
9.Be3 O-O 10.O-O Bg4 11.f3 Na5 12.Bd3 cxd4 13.cxd4 Be6 14.d5 Bxa1 15.Qxa1 f6
16.Bh6 Re8 17.Kh1 Rc8 18.Nf4 Bd7 19.e5 Nc4 20.e6 Ba4 21.Nxg6 hxg6 22.Bxg6 Ne5
23.Be4 Bc2 24.Bxc2 Rxc2 25.Qd1 Kh7 26.Bf4 Qc8 27.Bxe5 fxe5 28.f4 Rg8 29.Qh5+
Kg7 30.Qg5+ Kh7 31.Qh5+ Kg7 32.Qg5+ Kh7 33.Qh4+ Kg7 34.Qxe7+ Kh6 35.Qh4+ Kg7
36.f5 Qc7 37.f6+ Kg6 38.Qg4+ {#r} 1-0

[Event "Ch Great Britain"]
[Site "masterchessopen.com Liverpool (England)"]
[Round "4"]
[White "Elwin Adrian G (ENG)"]
[Black "Venkataramanan T S (IND)"]
[Result "0-1"]
[WhiteElo "2015"]
[BlackElo "2261"]

1.d4 Nf6 2.c4 g6 3.Nc3 d5 4.cxd5 Nxd5 5.e4 Nxc3 6.bxc3 Bg7 7.Bc4 c5 8.Ne2 Nc6
9.Be3 cxd4 10.cxd4 O-O 11.O-O Bg4 12.f3 Na5 13.Bd3 Be6 14.Qa4 a6 15.Rac1 b5
16.Qc2 Rc8 17.Qd2 Nc4 18.Bxc4 Bxc4 19.Rfd1 Qd7 20.Ng3 a5 21.h4 b4 22.h5 Rfd8
23.d5 Qa4 24.Bh6 Qxa2 25.Qf4 Bxh6 26.Qxh6 Qb2 27.hxg6 hxg6 28.f4 Bb3 29.Rb1
Qc3 30.Rxb3 Qxb3 31.Nh5 Qxd1+ {#R} 0-1

[Event "It \"]
[Site "masterchessopen.com Olomouc (Czech Republic)"]
[Date "2008.08.07"]
[Round "11"]
[White "Tikkanen Hans (SWE)"]
[Black "Havlikova Kristyna (CZE)"]
[Result "1-0"]
[WhiteElo "2415"]
[BlackElo "2179"]

1.d4 Nf6 2.c4 g6 3.Nc3 d5 4.cxd5 Nxd5 5.e4 Nxc3 6.bxc3 Bg7 7.Bc4 c5 8.Ne2 O-O
9.O-O Nc6 10.Be3 Bg4 11.f3 cxd4 12.cxd4 Na5 13.Bd3 Be6 14.Rc1 b6 15.d5 Bd7
16.Nd4 Rc8 17.Qd2 Rxc1 18.Rxc1 Qb8 19.Ba6 Bc8 20.Bb5 Rd8 21.Qb4 Bf8 22.Qc3 Bb7
23.Nc6 Bxc6 24.dxc6 Qc7 25.Bd4 e6 26.Bf6 Bc5+ 27.Kh1 Rc8 28.Qd2 Be7 29.e5 Rd8
30.Qh6 Bf8 31.Bxd8 {#r} 1-0

[Event "It (open)"]
[Site "masterchessopen.com Bratto (Italy)"]
[Date "2008.08.23"]
[Round "2"]
[White "Cardili Mariano (ITA)"]
[Black "Angelini Marco (ITA)"]
[Result "0-1"]
[WhiteElo "2123"]
[BlackElo "2034"]

1.d4 Nf6 2.c4 g6 3.Nc3 d5 4.cxd5 Nxd5 5.e4 Nxc3 6.bxc3 Bg7 7.Bc4 c5 8.Ne2 O-O
9.O-O Nc6 10.Be3 Bg4 11.f3 cxd4 12.cxd4 Na5 13.Bd3 Be6 14.Rc1 Bxa2 15.Qa4 Be6
16.d5 Bd7 17.Qb4 b5 18.Bf4 Nb7 19.Bc7 Qe8 20.e5 a5 21.Qb1 b4 22.Nd4 Nd6 23.f4
Nb5 24.Nxb5 Bxb5 25.d6 Bxd3 26.Qxd3 Qd7 27.Qd5 a4 28.Qc4 b3 29.Qb4 exd6
30.Bxd6 Rfc8 31.Qa3 Qb5 32.Qb2 Bf8 33.Bxf8 Rxf8 34.Rb1 Rfc8 35.Rf2 a3 {#R} 0-1

[Event "It (open)"]
[Site "masterchessopen.com Liptov (Slovakia)"]
[Date "2008.08.30"]
[Round "4"]
[White "Medvec Miroslav (SVK)"]
[Black "Mraz Martin (SVK)"]
[Result "1-0"]
[WhiteElo "1831"]
[BlackElo "1768"]

1.d4 Nf6 2.c4 g6 3.Nc3 d5 4.cxd5 Nxd5 5.e4 Nxc3 6.bxc3 Bg7 7.Bc4 c5 8.Ne2 O-O
9.O-O Nc6 10.Be3 Na5 11.Bd3 Bg4 12.f3 cxd4 13.cxd4 Be6 14.d5 Bxa1 15.Qxa1 f6
16.Bh6 Re8 17.Nd4 Bf7 18.Bb5 Qb6 19.Bxe8 Bxe8 20.Kh1 Rc8 21.Ne6 Bd7 22.e5 Kf7
23.exf6 exf6 24.Re1 Nc4 25.Ng5+ Kg8 26.Re7 Ne5 27.Rg7+ Kh8 28.f4 fxg5 29.fxe5
Qd4 30.Qxd4 Rc1+ 31.Qg1 {#r} 1-0

[Event "It (open) \"]
[Site "masterchessopen.com Tatranske Zruby (Slovakia)"]
[Date "2008.09.30"]
[Round "5"]
[White "Moranda Wojciech (POL)"]
[Black "Csiba Dominik (SVK)"]
[Result "1-0"]
[WhiteElo "2536"]
[BlackElo "2169"]

1.d4 Nf6 2.c4 g6 3.Nc3 d5 4.cxd5 Nxd5 5.e4 Nxc3 6.bxc3 Bg7 7.Bc4 c5 8.Ne2 Nc6
9.Be3 O-O 10.O-O Bg4 11.f3 Na5 12.Bd3 cxd4 13.cxd4 Be6 14.Rc1 Bxa2 15.Qa4 Bb3
16.Qb4 Qb6 17.Qa3 Rfc8 18.Rb1 Qd8 19.Rxb3 Nxb3 20.Qxb3 a6 21.e5 b5 22.Ra1 Ra7
23.f4 Qb6 24.Kf2 Rd7 25.Qa2 b4 26.Bc4 Rf8 27.Qxa6 Qxa6 28.Rxa6 Rb7 29.Bb3 e6
30.Ng3 Rd8 31.Ne4 Bf8 32.Ke2 Be7 33.g4 Kf8 34.Nc5 Rbb8 35.Ra7 Ra8 36.Rb7 Ra1
37.f5 Rh1 38.Rxe7 Rxh2+ 39.Kd3 {#r} 1-0

[Event "Memorial Atkins"]
[Site "masterchessopen.com Leicester (England)"]
[Date "2008.10.12"]
[Round "4"]
[White "Robinson John (ENG)"]
[Black "Garnett John S (ENG)"]
[Result "0-1"]
[WhiteElo "2048"]
[BlackElo "2028"]

1.d4 Nf6 2.c4 g6 3.Nc3 d5 4.cxd5 Nxd5 5.e4 Nxc3 6.bxc3 Bg7 7.Bc4 c5 8.Ne2 Nc6
9.Be3 O-O 10.O-O Bg4 11.f3 Na5 12.Bd3 cxd4 13.cxd4 Be6 14.Qa4 a6 15.d5 Bxa1
16.Rxa1 f6 17.Bh6 Re8 18.Qd4 Bf7 19.Rd1 b5 20.g4 Rc8 21.g5 Nc4 22.gxf6 exf6
23.d6 Qxd6 24.Bxc4 Qxd4+ 25.Rxd4 Bxc4 26.Nc3 Red8 27.Nd5 Bxd5 28.exd5 g5
29.Re4 Rxd5 30.Re7 Rd2 {#R} 0-1

[Event "It \"]
[Site "masterchessopen.com Buenos Aires (Argentina)"]
[Date "2008.12.03"]
[Round "4"]
[White "Mareco Sandro (ARG)"]
[Black "Pierrot Facundo (ARG)"]
[Result "1-0"]
[WhiteElo "2481"]
[BlackElo "2420"]

1.d4 Nf6 2.c4 g6 3.Nc3 d5 4.cxd5 Nxd5 5.e4 Nxc3 6.bxc3 Bg7 7.Bc4 c5 8.Ne2 O-O
9.O-O Nc6 10.Be3 Bg4 11.f3 Na5 12.Bd3 cxd4 13.cxd4 Be6 14.d5 Bxa1 15.Qxa1 f6
16.Qb1 Bf7 17.Nd4 Rc8 18.Qb4 b6 19.Ba6 Rc7 20.Bh6 Qd7 21.Bb5 Qd8 22.Bc6 Re8
23.Bxe8 Qxe8 24.Rc1 Rxc1+ 25.Bxc1 Qd7 26.Ba3 Kf8 27.Qc3 Ke8 28.Bb4 Kf8 29.Bxa5
bxa5 30.Qxa5 Qb7 31.Qb5 Qc7 32.Nc6 Be8 33.Qc5 Bxc6 34.dxc6 Ke8 35.Qd5 {#r} 1-0

[Event "It (open) (b)"]
[Site "masterchessopen.com Cali (Colombia)"]
[Date "2008.12.28"]
[Round "5"]
[White "Rosales Daniel (COL)"]
[Black "Bolivar Jeyson (COL)"]
[Result "1-0"]
[WhiteElo "2033"]
[BlackElo "2092"]

1.d4 Nf6 2.c4 g6 3.Nc3 d5 4.cxd5 Nxd5 5.e4 Nxc3 6.bxc3 Bg7 7.Bc4 c5 8.Ne2 Nc6
9.O-O O-O 10.Be3 Bg4 11.f3 Na5 12.Bd3 cxd4 13.cxd4 Be6 14.d5 Bxa1 15.Qxa1 f6
16.Bh6 Re8 17.g4 Bf7 18.Kg2 a6 19.Rc1 Nc6 20.g5 Ne5 21.gxf6 exf6 22.Qd4 Rc8
23.Rxc8 Qxc8 24.a3 Qd8 25.Bc2 Nd7 26.Bb3 Qb6 27.Qc3 Qc5 28.Qb2 b5 29.Nd4 Ne5
30.Ne6 Qe7 31.f4 Nc4 32.Bxc4 bxc4 33.f5 Rc8 34.Qc3 Bxe6 35.fxe6 a5 36.a4 Rc5
37.h4 Rc8 38.Kf3 Qc7 39.Kg4 {#r} 1-0

[Event "Memorial P.Dubinin (open)"]
[Site "masterchessopen.com Nizhnij Novgorod (Russia)"]
[Date "2009.01.04"]
[Round "0"]
[White "Malyshev Nikita (RUS)"]
[Black "Pristalov Evgeny (RUS)"]
[Result "0-1"]
[WhiteElo "1824"]
[BlackElo "1993"]

1.d4 Nf6 2.c4 g6 3.Nc3 d5 4.cxd5 Nxd5 5.e4 Nxc3 6.bxc3 Bg7 7.Bc4 c5 8.Ne2 O-O
9.O-O Nc6 10.Be3 Bg4 11.f3 cxd4 12.cxd4 Na5 13.Bd3 Be6 14.Qa4 a6 15.Rac1 b5
16.Qb4 Bxa2 17.Ra1 Bc4 18.Rxa5 Bxd3 19.Ra2 a5 {#R} 0-1

[Event "Ch City (open)"]
[Site "masterchessopen.com Novosibirsk (Russia)"]
[Date "2009.01.17"]
[Round "2"]
[White "Kamrukov Alexey (RUS)"]
[Black "Norchenko Konstantin (RUS)"]
[Result "1-0"]
[WhiteElo "1964"]
[BlackElo "2025"]

1.d4 Nf6 2.c4 g6 3.Nc3 d5 4.cxd5 Nxd5 5.e4 Nxc3 6.bxc3 Bg7 7.Bc4 c5 8.Be3 O-O
9.Ne2 Nc6 10.O-O cxd4 11.cxd4 Bg4 12.f3 Na5 13.Bd3 Be6 14.Rc1 Bxa2 15.Qa4 Bb3
16.Qa3 b6 17.d5 Qd6 18.Qxd6 exd6 19.Ba6 f5 20.Nd4 Bxd4 21.Bxd4 Rf7 22.Bc8 Kf8
23.Be6 Re7 24.exf5 gxf5 25.Bf6 Rxe6 26.dxe6 Bxe6 27.Rc7 Bg8 28.Re1 Nc4 29.Bg7#
1-0

[Event "It \"]
[Site "masterchessopen.com Villa Ballester (Argentina)"]
[Date "2009.01.23"]
[Round "3"]
[White "Mareco Sandro (ARG)"]
[Black "Krysa Leandro (ARG)"]
[Result "1-0"]
[WhiteElo "2503"]
[BlackElo "2185"]

1.d4 Nf6 2.c4 g6 3.Nc3 d5 4.cxd5 Nxd5 5.e4 Nxc3 6.bxc3 Bg7 7.Bc4 c5 8.Ne2 Nc6
9.Be3 O-O 10.O-O Bg4 11.f3 Na5 12.Bd3 cxd4 13.cxd4 Be6 14.d5 Bxa1 15.Qxa1 f6
16.Qb1 Bf7 17.Nd4 a6 18.Qb4 Re8 19.Bd2 b6 20.Rb1 e5 21.Qxb6 Qxb6 22.Rxb6 exd4
23.Bxa5 Reb8 24.Rxf6 Rb2 25.d6 Rxa2 26.Bc7 Ra3 27.Bf1 Ra1 28.Kf2 Ra2+ 29.Kg3
Rc2 30.e5 Re8 31.Rf4 Ra8 32.Rxd4 Be6 33.Bd3 Rc5 34.Be4 Rf8 35.Bd3 Rxe5 36.d7
{#r} 1-0

[Event "Tournament (team) \"]
[Site "masterchessopen.com Pais Vasco (Spain)"]
[Round "3"]
[White "Juez Villar Erik (ESP)"]
[Black "Hernandez Lopez Daniel (ESP)"]
[Result "1-0"]
[WhiteElo "1938"]
[BlackElo "1955"]

1.d4 Nf6 2.c4 g6 3.Nc3 d5 4.cxd5 Nxd5 5.e4 Nxc3 6.bxc3 Bg7 7.Bc4 c5 8.Ne2 cxd4
9.cxd4 O-O 10.O-O Nc6 11.Be3 Bg4 12.f3 Na5 13.Bd3 Be6 14.d5 Bxa1 15.Qxa1 f6
16.Kh1 Rc8 17.Bh6 Re8 18.Nf4 Bd7 19.e5 Nc4 20.e6 Ba4 21.Qe1 Ne5 22.Qg3 Bc2
23.Bb5 Rf8 24.h4 a6 25.Be2 Re8 26.Re1 Qd6 27.Bf1 Rc5 28.Qf2 Rec8 29.Qd2 Bf5
30.Qb4 Qc7 31.g4 Nxf3 32.gxf5 Rc2 33.Ne2 Qh2# 1-0

[Event "Tournament (open)"]
[Site "masterchessopen.com Rio de Janeiro (Brazil)"]
[Date "2009.03.07"]
[Round "1"]
[White "Chaves Jorge Antonio (BRA)"]
[Black "Bil Angelo (BRA)"]
[Result "0-1"]
[WhiteElo "2102"]
[BlackElo "2197"]

1.d4 Nf6 2.c4 g6 3.Nc3 d5 4.cxd5 Nxd5 5.e4 Nxc3 6.bxc3 Bg7 7.Bc4 c5 8.Ne2 Nc6
9.Be3 O-O 10.O-O Bg4 11.f3 Na5 12.Bd3 cxd4 13.cxd4 Be6 14.d5 Bxa1 15.Qxa1 f6
16.Bh6 Re8 17.Rb1 Bd7 18.e5 Rc8 19.Rb4 e6 20.exf6 Kf7 21.Bg7 Rg8 22.Nf4 exd5
23.Qb1 Rxg7 24.fxg7 Qg5 25.h4 Qe5 26.Bxg6+ hxg6 27.Qxg6+ Kg8 28.Kh2 Nc4 29.g3
b6 30.h5 Rc6 31.Qd3 Kxg7 32.Qd2 Nxd2 {#R} 0-1

[Event "It (open) (b)"]
[Site "masterchessopen.com Zagreb (Croatia)"]
[Date "2009.03.26"]
[Round "6"]
[White "Okrosa Marijan (CRO)"]
[Black "Mihalinec Damir (CRO)"]
[Result "0-1"]
[WhiteElo "2102"]
[BlackElo "2227"]

1.d4 Nf6 2.c4 g6 3.Nc3 d5 4.cxd5 Nxd5 5.e4 Nxc3 6.bxc3 Bg7 7.Bc4 c5 8.Ne2 O-O
9.O-O Nc6 10.Be3 Bg4 11.f3 Na5 12.Bd3 cxd4 13.cxd4 Be6 14.Rc1 Bxa2 15.Qa4 Be6
16.d5 Bd7 17.Qb4 b6 18.f4 Bc6 19.Nd4 Bb7 20.f5 Be5 21.fxg6 hxg6 22.Qe1 Bxd4
23.Bxd4 Nb3 24.Bb2 Nxc1 25.Qh4 e5 26.Qh6 Nxd3 27.Rf3 Bc8 28.h4 Nxb2 29.h5 Qh4
30.Rxf7 Rxf7 {#R} 0-1

[Event "It (juniors) (under 20) (cat.3)"]
[Site "masterchessopen.com Buenos Aires (Argentina)"]
[Date "2009.03.30"]
[Round "8"]
[White "Real De Azua Ernesto (ARG)"]
[Black "Contin Daniel (ITA)"]
[Result "1-0"]
[WhiteElo "2445"]
[BlackElo "2279"]

1.d4 Nf6 2.c4 g6 3.Nc3 d5 4.cxd5 Nxd5 5.e4 Nxc3 6.bxc3 c5 7.Bc4 Bg7 8.Ne2 Nc6
9.Be3 O-O 10.O-O Bg4 11.f3 Na5 12.Bd3 cxd4 13.cxd4 Be6 14.d5 Bxa1 15.Qxa1 f6
16.Bh6 Re8 17.Kh1 Bf7 18.Bb5 e5 19.Bxe8 Bxe8 20.f4 Bb5 21.fxe5 Bxe2 22.Rxf6
Nc4 23.e6 Qc7 24.d6 Nxd6 25.Rf7 Qxf7 26.exf7+ Kxf7 27.Qg7+ Ke6 28.Bg5 Re8
29.Qf6+ Kd7 30.e5 Re6 31.Qd8+ Kc6 32.exd6 Ba6 33.Qc7+ Kd5 34.Qf7 Kxd6 {#r} 1-0

[Event "It (open)"]
[Site "masterchessopen.com Deizisau (Germany)"]
[Date "2009.04.09"]
[Round "1"]
[White "Peralta Fernando (ARG)"]
[Black "Reimche Vadim (GER)"]
[Result "1-0"]
[WhiteElo "2545"]
[BlackElo "2085"]

1.d4 Nf6 2.c4 g6 3.Nc3 d5 4.cxd5 Nxd5 5.e4 Nxc3 6.bxc3 Bg7 7.Bc4 c5 8.Ne2 Nc6
9.Be3 O-O 10.O-O cxd4 11.cxd4 Bg4 12.f3 Na5 13.Bd3 Be6 14.d5 Bxa1 15.Qxa1 f6
16.Bh6 Re8 17.Qd4 Bf7 18.Bb5 Qb6 19.Bxe8 Bxe8 20.Rc1 Bb5 21.Qxb6 axb6 22.Nd4
Bc4 23.a4 Kf7 24.Bd2 Rc8 25.Bb4 Ke8 26.Rc3 Kd7 27.g4 f5 28.gxf5 gxf5 29.Nxf5
e6 30.Ne7 Re8 31.d6 Ba6 32.Rc7+ Kd8 33.Be1 {#r} 1-0

[Event "Ch Ukraine"]
[Site "masterchessopen.com Alushta (Ukraine)"]
[Date "2009.05.18"]
[Round "8"]
[White "Stefansky Mikhail (UKR)"]
[Black "Troshohenko Pavel (UKR)"]
[Result "1-0"]
[WhiteElo "2268"]
[BlackElo "2191"]

1.d4 Nf6 2.c4 g6 3.Nc3 d5 4.cxd5 Nxd5 5.e4 Nxc3 6.bxc3 Bg7 7.Bc4 c5 8.Ne2 Nc6
9.Be3 O-O 10.O-O Bg4 11.f3 cxd4 12.cxd4 Na5 13.Bd3 Be6 14.d5 Bxa1 15.Qxa1 f6
16.Bh6 Re8 17.Nf4 Bf7 18.e5 e6 19.dxe6 Bxe6 20.exf6 Bf7 21.Be4 Nc6 22.Rd1 Qb6+
23.Kh1 Rad8 24.Nd5 Rxd5 25.Bxd5 Rd8 26.Be4 Rxd1+ 27.Qxd1 Qd4 28.Qxd4 Nxd4
29.Be3 Nc6 30.a3 a5 31.Kg1 Kf8 32.Kf2 Ke8 33.Bb6 Kd7 34.g4 h6 35.h4 Ke6 36.g5
hxg5 37.hxg5 Be8 38.f4 a4 39.Ke3 Bf7 40.Bc2 {#r} 1-0

[Event "Ch Baden (open)"]
[Site "masterchessopen.com Badenweiler (Germany)"]
[Date "2009.06.02"]
[Round "2"]
[White "Wielsch Klaus (GER)"]
[Black "Saering Patrick (GER)"]
[Result "1-0"]
[WhiteElo "2156"]
[BlackElo "2134"]

1.d4 Nf6 2.c4 g6 3.Nc3 d5 4.cxd5 Nxd5 5.e4 Nxc3 6.bxc3 Bg7 7.Bc4 c5 8.Ne2 Nc6
9.Be3 O-O 10.O-O Bg4 11.f3 Na5 12.Bd3 cxd4 13.cxd4 Be6 14.d5 Bxa1 15.Qxa1 f6
16.Bh6 Re8 17.Kh1 b6 18.Nf4 Bd7 19.e5 Rf8 20.e6 Be8 21.Qb1 f5 22.Qb2 Rf6 23.g4
Qd6 24.Qd2 Nc6 25.g5 Ne5 26.gxf6 exf6 27.Be2 g5 28.Rg1 Ng6 29.Nh5 Qe5 30.Bg7
Rd8 31.Bc4 Ne7 32.Bxf6 Qc7 33.Qxg5+ Bg6 34.Bb3 Kf8 35.Qh6+ Ke8 36.Ng7+ Kf8
37.Nxf5+ Ke8 38.Bxe7 Qc3 39.Qf8# 1-0

[Event "Ch ASEAN (juniors) (under 20)"]
[Site "masterchessopen.com Hue (Vietnam)"]
[Date "2009.06.11"]
[Round "9"]
[White "Dong Bao Nghia (VIE)"]
[Black "Amru Muhd Tariq (MAS)"]
[Result "1-0"]
[WhiteElo "2109"]
[BlackElo "2020"]

1.d4 Nf6 2.c4 g6 3.Nc3 d5 4.cxd5 Nxd5 5.e4 Nxc3 6.bxc3 Bg7 7.Bc4 c5 8.Ne2 Nc6
9.Be3 O-O 10.O-O Bg4 11.f3 Na5 12.Bd3 cxd4 13.cxd4 Be6 14.d5 Bxa1 15.Qxa1 f6
16.Nf4 Bf7 17.Rd1 Qc7 18.g3 Rfc8 19.Bf1 Qc3 20.Qxc3 Rxc3 21.Bd2 Ra3 22.Bb4
Rxa2 23.Bxe7 Kg7 24.Rc1 g5 25.Ng2 Re8 26.Rc7 a6 27.Ne3 b5 {#r} 1-0

[Event "Ch World (for the Blind) (juniors) (under 18)"]
[Site "masterchessopen.com Uppsala (Sweden)"]
[Date "2009.06.21"]
[Round "3"]
[White "Desmas William (FRA)"]
[Black "Bulgakov Pavel (RUS)"]
[Result "0-1"]
[WhiteElo "1669"]
[BlackElo "1801"]

1.d4 Nf6 2.c4 g6 3.Nc3 d5 4.cxd5 Nxd5 5.e4 Nxc3 6.bxc3 Bg7 7.Bc4 c5 8.Be3 Nc6
9.Ne2 cxd4 10.cxd4 O-O 11.O-O Na5 12.Bd3 Bg4 13.f3 Be6 14.Qd2 Rc8 15.Rac1 Nc4
16.Bxc4 Bxc4 17.Rfd1 Bxe2 18.Qxe2 Bxd4 19.Rxd4 Rxc1+ 20.Kf2 Qb6 21.Rc4 Rxc4
22.Bxb6 Rfc8 23.Be3 Rc2 24.Bd2 Rd8 25.Ke3 Rxa2 26.Qb5 Raxd2 27.Qxb7 e5 28.Qxa7
R8d3# 0-1

[Event "Ch Slovakia (juniors) (under 20) (g)"]
[Site "masterchessopen.com Trencin (Slovakia)"]
[Date "2009.06.28"]
[Round "1"]
[White "Edes Zsofia (SVK)"]
[Black "Kralova Klaudia (SVK)"]
[Result "1-0"]
[WhiteElo "1924"]
[BlackElo "1783"]

1.d4 Nf6 2.c4 g6 3.Nc3 d5 4.cxd5 Nxd5 5.e4 Nxc3 6.bxc3 Bg7 7.Bc4 c5 8.Ne2 Nc6
9.Be3 O-O 10.O-O Na5 11.Bd3 Bg4 12.f3 cxd4 13.cxd4 Be6 14.d5 Bxa1 15.Qxa1 f6
16.Bh6 Qb6+ 17.Kh1 Rfd8 18.Rb1 Qc7 19.Bf4 Qc8 20.Rc1 Qd7 21.Rc7 Qe8 22.Qc3
Bxd5 23.exd5 b6 24.Nd4 Rac8 25.Bb5 {#r} 1-0

[Event "It (open)"]
[Site "masterchessopen.com Gran Canarian (Spain)"]
[Date "2009.07.18"]
[Round "6"]
[White "Guedes Lopez Saul (ESP)"]
[Black "Rodriguez Melian Jose Luis (ESP)"]
[Result "0-1"]
[WhiteElo "1753"]
[BlackElo "2114"]

1.d4 Nf6 2.c4 g6 3.Nc3 d5 4.cxd5 Nxd5 5.e4 Nxc3 6.bxc3 c5 7.Bc4 Bg7 8.Be3 O-O
9.Ne2 Nc6 10.O-O Bg4 11.f3 Na5 12.Bd3 cxd4 13.cxd4 Be6 14.d5 Bxa1 15.Qxa1 f6
16.Rd1 Bd7 17.Bh6 Re8 18.e5 fxe5 19.Qxe5 Qb6+ 20.Be3 Qf6 21.Qc7 Ba4 22.Rd2 b6
23.Bd4 Qg5 24.Qc3 Rac8 25.Qb2 Qxd5 26.Bh8 e5 27.Bf6 Re6 28.Bh4 Nc4 29.Nc3 Qxd3
{#R} 0-1